Estatísticas para Cultura Geral

Clique aqui para jogar o quiz

Estatísticas Gerais

  • Esse quiz foi jogado 8 vezes
  • A pontuação média é 6 de 15

Estatísticas das Respostas

HintResposta% Correto
Em que país podemos encontrar a sede da empresa Warner Bros.?Estados Unidos
100%
Que nome damos á armadilha para caçar ratos?Ratoeira
100%
Que nome damos á condição médica em que a coluna vertebral da pessoa apresenta uma deformação lateral em forma de curva?Escoliose
57%
Em que país podemos encontrar a sede da empresa Jerónimo Martins?Portugal
57%
Que nome damos ao tipo de tapete tradicionalmente usado no Japão para uso cerimonial, e atualmente como piso amortecido para a prática de artes marciais?Tatame
57%
Que nome damos á parte gasosa visível de algum fogo?Chama
43%
Que órgão das plantas é responsável pela captação de luz e das trocas gasosas?Folha
43%
Que nome damos á forma de desporto de combate envolvendo técnicas de agarramento?Luta
29%
Que nome damos á ciência ou arte que utiliza o fogo e outras substâncias e artefatos explosivos ou combustíveis para produzir luzes, gases, fumaça, calor ou som?Pirotecnia
29%
Que nome damos ao exercício aeróbico praticado com o uso de uma pequena plataforma chamada step?Step
29%
Que nome damos ao acto de procurar ou viajar com o propósito de descobrir?Explorar
14%
Que nome damos á vista abrangente de um espaço físico?Panorama
14%
Em que país podemos encontrar a sede da empresa Rexona?Austrália
0%
Que nome damos ao conjunto de pétalas de uma flor?Corola
0%
Que nome damos á ausência de luz?Escoridão
0%

Distribuição das Pontuações

Percentil de Números Respondidos

Porcentagem de Pessoas com Cada Pontuação

Sua Pontuação Histórica

Você não jogou esse quiz